000 00780cam a2200217 4500
001 D2423
008 090401t1973 xxu||||| |||| 00| 0 eng d
035 _a(Sirsi) u69062
041 _aeng
050 _a025.4669
_c18
110 _aInternational Council for Building Research Studies and Documentation
_bWorking Commission W58
_92266
245 4 _aThe SfB system
_bauthorised building classification system for use in project information and related general information, prepared by CIB Working Commission W58 - SfB Development Group
260 _aRotterdam
_bCIB
_c1973
300 _a70p.
_bill.
_c30cm
350 _a0
490 _aCIB Report
_v22
650 _aCI/SFB
690 _aMANAGEMENT-BUSINESS MANAGEMENT-INFORMATION MANAGEMENT
942 _n0
948 _c04/03/1997
999 _c95153
_d95153